000 00555nam a22001937a 4500
003 KOHA_MİRAKIL
005 20250430172856.0
008 250430b tu ||||| |||| 00| 0 tur d
020 _a9786257369916
040 _aTR-AnABB
_btur
_cTR-AnABB
041 _atur
082 _a813.42
_bUSA 2022
100 _aUşaklıgil, Halid Ziya,
_d1866-1945
245 1 0 _aBir hikaye-i sevda /
_cHalid Ziya Uşaklıgil
260 _aİstanbul :
_bKopernik Kitap,
_c2022
300 _a236 sayfa ;
_c21 cm
650 0 4 _aTürk edebiyatı, roman
942 _2ddc
_cBK
999 _c8893
_d8893
900 _bGizem YORULMAZ